HTML for beginners / (Record no. 39885)

MARC details
000 -LEADER
fixed length control field 00768nam a22002177a 4500
005 - DATE AND TIME OF LATEST TRANSACTION
control field 20100806154932.0
010 ## - LCCN (DPL NO)
LC control number ENG-98618
020 ## - INTERNATIONAL STANDARD BOOK NUMBER
International Standard Book Number 9788190752114
Terms of availability 125.00
035 ## - SYSTEM CONTROL NUMBER
System control number EN-82151
037 ## - SOURCE OF ACQUISITION
Source of stock number/acquisition DBAD/PUB
082 ## - DEWEY DECIMAL CLASSIFICATION NUMBER
Classification number 006.74
100 ## - MAIN ENTRY--PERSONAL NAME
Personal name Selvavinayagam, R
245 ## - TITLE STATEMENT
Title HTML for beginners /
Statement of responsibility, etc by R. Selvavinayagam
260 ## - PUBLICATION, DISTRIBUTION, ETC. (IMPRINT)
Place of publication, distribution, etc Rajapalaiyam
Name of publisher, distributor, etc Guna Puthaga Nilayam
Date of publication, distribution, etc 2008
270 ## - ADDRESS
Address 90, Mudangiaru Road,
City Rajapalaiyam
Postal code 626117
300 ## - PHYSICAL DESCRIPTION
Extent 148p.
Dimensions 20cm (pbk)
650 ## - SUBJECT ADDED ENTRY--TOPICAL TERM
Topical term or geographic name as entry element HTML (document markup language)
650 ## - SUBJECT ADDED ENTRY--TOPICAL TERM
Topical term or geographic name as entry element Web sites-design
942 ## - ADDED ENTRY ELEMENTS (KOHA)
Source of classification or shelving scheme Dewey Decimal Classification
Item type English Books
Classification part 006.74
Call number suffix SEL
Holdings
Withdrawn status Lost status Not for loan Collection code Home library Current library Date acquired Source of acquisition Cost, normal purchase price Full call number Barcode Copy number Cost, replacement price Koha item type
    Not For Loan Non-fiction D.B.Act.Division D.B.Act.Division 06/08/2010 DBAD/PUB 125.00 006.74 SEL EN-82151 1 125.00 English Books

© Delhi Public Library
Hit Counter
free hit counter